Geopolítica moderna - líderes famosos - Statistics

Estatísticas Gerais
  • Esse quiz foi jogado 113 vezes
  • A pontuação média é 8 de 37
Estatísticas das Respostas
Hint Resposta % Correto
Levou a União Soviética à sua etapa mais totalitária. Responsável pelo Holodomor Stalin
95%
Liderou a Revolução de Outubro Lenin
93%
Atual líder da Coréia do Norte Kim Jong Un
68%
Líder da China Comunista. Coordenou a Revolução Socialista, o Plano Quinquenal e a Revolução Cultural Mao Zedong
53%
Abriu a União sob duas principais medidas: "Glasnost" (transparência governamental) e "Perestroika" (abertura econômica com o Ocidente) Mikhail Gorbachev
51%
Coordenou a Revolução Nacionalista Cubana (1959) enquanto líder do Movimento 26 de Julho (M-26-7). Alinhou-se com a URSS e levou à Crise dos Mísseis (1962) Fidel Castro
44%
Líder do Congresso Nacional Africano, foi preso (1962) durante o Apartheid, até ser liberto (1990) e eleito (1994) o 1º presidente da República Nelson Mandela
39%
"Desestalinizou" a União Soviética. Aproximou-se do Ocidente ("Coexistência Pacífica") Nikita Khrushchev
36%
Passou de "Comandande en jefe" para presidente a partir do golpe contra Salvador Allende, com apoio dos EUA Augusto Pinochet
33%
Políticas de Songun (priorização e expansão do exército) Kim Jong Il
33%
Fundou a República Democrática Popular da Coréia sob sua nova ideologia, o Juche Kim Il Sung
27%
(Partido Likud) Atual primeiro-ministro israelense. Responsável pela invasão da Palestina em 2023 e do Líbano em 2024 Benjamin Netanyahu
26%
Iniciou a Guerra Irã-Iraque e a invasão do Kuwait. Resultou na 1ª e na 2ª Guerra do Golfo Saddam Hussein
25%
Apesar de argentino, juntou-se ao M-26-7 e assumiu proeminência na luta de guerrilha durante a Revolução Cubana contra Fulgencio Batista Che Guevara
20%
Chegou ao poder em 1979 com a Revolução Sandinista contra Anastasio Somoza Debayle. Representa a nova esquerda da Nicarágua, apesar de recentes radicalizações Daniel Ortega
18%
Introduziu as políticas de "Uma nação, dois sistemas" e "Não importa a cor do gato desde que cace o rato". Criou as Zonas Exclusivas Econômicas e o plano das "4 Grandes Modernizações" Deng Xiaoping
18%
1º Líder Supremo iraniano. Liderou a Revolução Islâmica no Irã, retornando às morais tradicionalistas xiitas Aiatolá Khomeini
15%
Figura significativa do panafricanismo e do panarabismo. Considerado por alguns líder terrorista. Derrubado na Primavera Árabe Muammar Gaddafi
15%
Centralizou o governo e restituiu o autoritarismo. Doutrina de soberania limitada no Leste Europeu Leonid Brezhnev
14%
Figura central da independência indiana. Prezava pela união dos povos hindus e muçulmanos em um processo de independência pacífica. Juntou, entre outras, a "Passeata do Sal", contra o monopólio inglês Mahatma Ghandi
14%
Último rei do Irã. Ocidentalizou e modernizou o Irã enquanto Estado laico Xá Rezah Pahlevi
11%
Líder do Kuomingtang durante a Guerra Civil Chinesa, criou o atual Estado de Taiwan Chiang Kai-Shek
10%
Criador do Al Fatah, líder do Exército de Libertação da Palestina (ALP), da Organização para Libertação da Palestina (OLP, 1987) e da ANP Yasser Arafat
10%
Segundo presidente do Egito. Criou o movimento panarabista e fechou o Suez, que levou à Guerra de 1956 Gamal Abdel Nasser
9%
Atual líder da República Popular da China Xi Jingping
9%
Terceiro presidente do Egito. Famoso por sua política de "amedrontamento" (ataques surpresas). Perdoou Israel em Camp David e foi assassinado por traição Anwar Al Sadat
7%
Liderou o Exército Defensor da Soberania Nacional da Nicarágua (EDSN) contra a Família Somoza. Apesar de morto, seus ideais seguiram no Movimento Sandinista, que conseguiu derrubar Somoza em 1979. Augusto Sandino
7%
Na 2ª Guerra Ítalo-etíope, alertou as potências europeias por sua inatividade quanto aos poderes expansionistas. É tido como divindade em uma religião surgida recentemente na Jamaica. Haile Selassie
7%
Atual líder da Autoridade Nacional Palestina (ANP) Mahmoud Abbas
6%
(Partido Trabalhista) Declarou paz com a Palestina nos Acordos de Oslo (1993) e foi assassinado por traição Yitzhak Rabin
6%
(Partido Kodima) Criou o Partido Kodima. Em uma visita às sinagogas de Jerusalém Oriental, desencadeou a 2ª Intifada por seu desrespeito Ariel Sharon
3%
2º presidente da Tunísia, derrubado na Revolução de Jasmim em 2010, no contexto da Primavera Árabe Ben Ali
3%
Após a queda de Hosni Mubarak na Primavera Árabe, assumiu o governo. Membro da Irmandade Muçulmana, tentou islamizar o Egito e impor a Sharia. A população o retirou e o substituiu por Abdel El-Sisi Mohamed Morsi
2%
Firmou um acordo de livre comércio com a União Europeia, mas abandonou-a de última hora ao receber uma proposta russa. A população, revoltada, foi à Praça Euromaidan protestar, o que escalaria para seu impeachment Viktor Yanukovych
2%
Com a Primavera Árabe, o grupo Houthis se fortaleceu e expulsou seu governo para a Arábio Saudita Abdullah Saleh
1%
Homem tunisiano que se ateou fogo em protesto ao regime opressor e corrupto e desencadeou a Primavera Árabe Mohamed Bouazizi
1%
Liderou a Revolução Chinesa (1911-1912), que derrubou o Império Sun Yatzen
1%
Nenhum quiz correspondente encontrado
Distribuição das Pontuações
Porcentagem de Pessoas com Cada Pontuação
Percentil de Números Respondidos
Sua Pontuação Histórica
Você não jogou esse quiz